Manual de casos prc̀ticos de ISR e IETU

Bibliographic Details
Format: eBook
Language:Spanish
Published: [Mx̌ico] : Tax Editores, 2011
Subjects:
Online Access:Acceso restringido

MARC

LEADER 00000nam a22000007a 4500
005 20110823142943.0
008 110823t2011 mx ||||sf||| 001 0 spa d
020 |a 978-607-440-200-1 
035 |a 5662 
040 |a vLex 
090 |c 2254  |d 2254 
245 |a Manual de casos prc̀ticos de ISR e IETU  |h [Recurso electrn̤ico] 
256 |a Servicio en ln̕ea. 
260 |a [Mx̌ico] :  |b Tax Editores,  |c 2011 
500 |a Mediante el estudio de esta obra, los interesados en el r̀ea fiscal estarǹ en posibilidad de conocer las modificaciones que sufre la Ley del ISR y la Ley del IETU cada aǫ, para as ̕interpretar y aplicar de inmediato las disposiciones que deben atender las personas fs̕icas y morales. Esto l︢timo se logra mediante la ejemplificacin̤ sencilla de ms̀ de 200 casos prc̀ticos que incluyen las disposiciones y variantes que completan las leyes de referencia.  
506 1 |a Contenido solo disponible en los productos indicados  |d vLex Global  |d vLex Global (Academic Edition, excluding Law Schools)  |d vLex Global (U.S. Academic Edition, Law Schools)  |d vLex Global (U.S. Academic Edition, excluding Law Schools)  |d vLex Global (Academic Edition, Law Schools) 
650 0 4 |a Derecho fiscal 
740 0 |a vLex Libros (Servicio en ln̕ea) 
856 4 0 |u http://vlex.com/source/manual-casos-practicos-isr-ietu-5662  |z Acceso restringido 
942 |c BOOK